[Event "Int SVK-ch Open 2020"]
[Site "Drienica"]
[Date "2020.08.14"]
[Round "8.8"]
[White "Hlavac, Peter"]
[Black "Sevcik, Lubomir"]
[Result "1-0"]
[WhiteElo "1952"]
[BlackElo "1748"]
[Annotator "ChessBase"]
[PlyCount "89"]
[EventDate "2020.08.07"]
[EventType "swiss"]
[EventCountry "SVK"]
[SourceTitle "playchess.com"]
[Source "ChessBase"]
[SourceQuality "1"]
[TimeControl "40/5400+30:1800+30"]

1. Nf3 {[%emt 0:01:00]} d5 {[%emt 0:00:32]} 2. c4 {[%emt 0:01:33]} e6 {[%emt 0:02:20]} 3. d4 {[%emt 0:00:14]} f5 {[%emt 0:00:33]} 4. cxd5 {[%emt 0:01:09]} exd5 {[%emt 0:04:46]} 5. g3 {[%emt 0:00:11]} Nf6 {[%emt 0:01:03]} 6. Bg2 {[%emt 0:00:16]} c6 {[%emt 0:00:23]} 7. O-O {[%emt 0:02:33]} Bd6 {[%emt 0:00:05]} 8. Nc3 {[%emt 0:02:10]} O-O {[%emt 0:00:20]} 9. Qc2 {[%emt 0:04:15]} Ne4 {[%emt 0:04:07]} 10. Nd2 {[%emt 0:06:33]} Nxc3 {[%emt 0:04:23]} 11. bxc3 {[%emt 0:00:50]} f4 {[%emt 0:00:09]} 12. c4 {[%emt 0:05:57]} fxg3 {[%emt 0:01:16]} 13. hxg3 {[%emt 0:00:31]} Qg5 {[%emt 0:03:00]} 14. Ne4 {[%emt 0:02:09]} Qg6 {[%emt 0:03:31]} 15. cxd5 {[%emt 0:00:11]} cxd5 {[%emt 0:01:12]} 16. Qb3 {[%emt 0:00:15]} Bc7 {[%emt 0:08:15]} 17. Qxd5+ {[%emt 0:01:18]} Kh8 {[%emt 0:03:04]} 18. Ba3 {[%emt 0:05:15]} Rd8 {[%emt 0:10:03]} 19. Qc4 {[%emt 0:00:40]} Bb6 {[%emt 0:02:52]} 20. Nc5 {[%emt 0:05:23]} Nc6 {[%emt 0:02:11]} 21. Rad1 {[%emt 0:03:42]} Qg4 {[%emt 0:05:37]} 22. e4 {[%emt 0:04:27]} Ne5 {[%emt 0:03:52]} 23. Qb3 {[%emt 0:00:42]} Nc6 24. d5 {[%emt 0:03:31]} Ne5 {[%emt 0:06:03]} 25. Qc3 {[%emt 0:01:00]} Qh5 {[%emt 0:00:51]} 26. Bb2 {[%emt 0:03:07]} Bxc5 {[%emt 0:11:21]} 27. Qxe5 {[%emt 0:00:44]} Qg6 {[%emt 0:01:16]} 28. Qc7 {[%emt 0:03:54]} Bb6 {[%emt 0:00:20]} 29. Qf4 {[%emt 0:01:13]} Bg4 {[%emt 0:02:18]} 30. Rd2 {[%emt 0:07:46]} Rf8 {[%emt 0:01:53]} 31. Qe5 {[%emt 0:00:16]} Rf7 {[%emt 0:05:40]} 32. Rc1 {[%emt 0:03:55]} Raf8 {[%emt 0:02:13]} 33. Bd4 {[%emt 0:00:47]} Ba5 {[%emt 0:02:14]} 34. Rdc2 {[%emt 0:00:21]} Bf3 {[%emt 0:02:06]} 35. Rc8 {[%emt 0:02:12]} Bxg2 {[%emt 0:02:23]} 36. Rxf8+ {[%emt 0:00:49]} Rxf8 {[%emt 0:00:05]} 37. Kxg2 {[%emt 0:00:54]} Re8 {[%emt 0:01:53]} 38. Qf4 {[%emt 0:00:50]} h6 {[%emt 0:01:37]} 39. e5 {[%emt 0:00:35]} Bb4 {[%emt 0:01:00]} 40. e6 {[%emt 0:01:48]} Rf8 {[%emt 0:00:51]} 41. Qh4 {[%emt 0:39:13]} Bd6 {[%emt 0:32:17]} 42. e7 {[%emt 0:07:31]} Re8 {[%emt 0:00:00]} 43. Re1 {[%emt 0:00:00]} Qf7 {[%emt 0:00:00]} 44. Qxh6+ {[%emt 0:00:00]} Kg8 {[%emt 0:00:00]} 45. Qxd6 {[%emt 0:00:00]} 1-0

[Event "Int SVK-ch Open 2020"]
[Site "Drienica"]
[Date "2020.08.15"]
[Round "8.9"]
[White "Kardis, Benjamin"]
[Black "Mrvova, Alena"]
[Result "1/2-1/2"]
[WhiteElo "2042"]
[BlackElo "2188"]
[Annotator "TA"]
[PlyCount "55"]
[EventDate "2020.08.07"]
[EventType "swiss"]
[EventCountry "SVK"]

{[%evp 12,55,7,4,12,0,0,0,0,0,0,0,0,-17,0,0,12,8,0,-16,-17,-10,-14,-7,-12,-32,-24,-70,0,-42,-15,-16,-24,-64,0,-34,0,-40,0,-40,25,33,23,0,17,0]} 1. e4 c5 2. Nf3 Nc6 3. Nc3 g6 4. d4 cxd4 5. Nxd4 Bg7 6. Nxc6 bxc6 7. Bc4 Qc7 {B34: Sicilian: Accelerated Dragon with 5 Nc3: sidelines.} 8. Qf3 (8. Qe2 {feels hotter.} Nf6 9. O-O d6 10. Bg5 O-O 11. Rad1) 8... Nf6 9. O-O O-O 10. Bg5 d6 11. Qg3 {[#]} a5 $146 ({Predecessor:} 11... Ng4 12. h3 Ne5 13. Bb3 Ba6 14. Rfe1 e6 15. Rad1 c5 16. f4 Nc6 17. f5 Be5 {1-0 (63) Balazs,L (2087)-Endresz,P (2006) Slovakia 2017}) 12. Bb3 Rb8 (12... a4 $5 13. Bxf6 Bxf6 14. Nxa4 c5 $15) 13. Qf4 Rb4 14. a3 Rb7 15. Bh6 Be6 16. Bxe6 fxe6 17. Bxg7 Kxg7 18. b3 e5 19. Qf3 Qd7 (19... c5 $15) 20. Rad1 Nd5 21. Qg3 Nf4 22. Rfe1 Rf6 (22... c5 $15) 23. Ne2 Rb5 24. f3 Ne6 25. Rd2 Nc5 (25... Qa7+ $15 26. Qf2 Qxf2+ 27. Kxf2 Rb8) 26. Nc3 $11 Rb8 27. Red1 Qe6 28. Qf2 {Accuracy: White = 70%, Black = 67%.} 1/2-1/2

[Event "Int SVK-ch Open 2020"]
[Site "Drienica"]
[Date "2020.08.14"]
[Round "8.9"]
[White "Kukan, Michal"]
[Black "Geffert, Anton"]
[Result "0-1"]
[WhiteElo "1769"]
[BlackElo "1909"]
[Annotator "ChessBase"]
[PlyCount "80"]
[EventDate "2020.08.07"]
[EventType "swiss"]
[EventCountry "SVK"]
[SourceTitle "playchess.com"]
[Source "ChessBase"]
[SourceQuality "1"]
[TimeControl "40/5400+30:1800+30"]

1. c4 {[%emt 0:00:00]} e5 {[%emt 0:00:00]} 2. Nc3 {[%emt 0:00:00]} Nf6 {[%emt 0:00:03]} 3. g3 {[%emt 0:00:08]} c6 {[%emt 0:00:52]} 4. e4 {[%emt 0:00:34]} d6 {[%emt 0:00:46]} 5. Bg2 {[%emt 0:00:26]} Be6 {[%emt 0:00:58]} 6. b3 {[%emt 0:00:23]} Nbd7 {[%emt 0:00:37]} 7. f4 {[%emt 0:01:27]} exf4 {[%emt 0:01:21]} 8. gxf4 {[%emt 0:00:25]} Bg4 {[%emt 0:00:35]} 9. Nf3 {[%emt 0:00:49]} d5 {[%emt 0:14:49]} 10. cxd5 {[%emt 0:08:21]} cxd5 {[%emt 0:00:12]} 11. exd5 {[%emt 0:13:23]} Be7 {[%emt 0:00:22]} 12. Qc2 {[%emt 0:12:45]} O-O {[%emt 0:03:05]} 13. O-O {[%emt 0:02:01]} Rc8 {[%emt 0:01:41]} 14. Ne5 {[%emt 0:02:47]} Nxe5 {[%emt 0:08:01]} 15. fxe5 {[%emt 0:00:29]} Bc5+ {[%emt 0:02:54]} 16. Kh1 {[%emt 0:00:25]} Nh5 {[%emt 0:00:59]} 17. Qd3 {[%emt 0:10:34]} Qg5 {[%emt 0:04:26]} 18. Na4 {[%emt 0:11:39]} Be2 19. Rf5 {[%emt 0:16:06]} Ng3+ {[%emt 0:17:12]} 20. Qxg3 {[%emt 0:00:45]} Qxf5 {[%emt 0:00:19]} 21. Nxc5 {[%emt 0:00:37]} Rxc5 {[%emt 0:00:44]} 22. Ba3 {[%emt 0:00:14]} Rc2 {[%emt 0:17:59]} 23. Bxf8 {[%emt 0:00:18]} Kxf8 {[%emt 0:00:55]} 24. Qe3 {[%emt 0:00:41]} Bd3 {[%emt 0:04:08]} 25. Qxa7 {[%emt 0:02:24]} Qxe5 {[%emt 0:00:30]} 26. Qa8+ {[%emt 0:00:17]} Ke7 {[%emt 0:01:08]} 27. Qxb7+ {[%emt 0:00:10]} Kf6 {[%emt 0:01:42]} 28. Qb6+ {[%emt 0:00:48]} Ke7 {[%emt 0:02:03]} 29. d6+ {[%emt 0:01:21]} Kd7 {[%emt 0:03:09]} 30. Rg1 {[%emt 0:02:52]} Be4 {[%emt 0:06:53]} 31. Qa7+ {[%emt 0:05:02]} Kxd6 {[%emt 0:05:00]} 32. Qb8+ {[%emt 0:00:42]} Ke6 {[%emt 0:00:09]} 33. Qe8+ {[%emt 0:04:19]} Kd6 {[%emt 0:00:28]} 34. Qxe5+ {[%emt 0:00:26]} Kxe5 {[%emt 0:00:06]} 35. Re1 {[%emt 0:00:13]} f5 {[%emt 0:00:12]} 36. d3 {[%emt 0:00:53]} Rxg2 {[%emt 0:00:13]} 37. Rxe4+ {[%emt 0:01:58]} fxe4 {[%emt 0:00:20]} 38. d4+ {[%emt 0:00:11]} Kxd4 {[%emt 0:00:09]} 39. Kxg2 {[%emt 0:00:12]} Kd3 {[%emt 0:00:08]} 40. Kf1 {[%emt 0:00:50]} Kd2 {[%emt 0:00:10]} 0-1

[Event "Int SVK-ch Open 2020"]
[Site "Drienica"]
[Date "2020.08.15"]
[Round "8.10"]
[White "Sankova, Stella"]
[Black "Bombek, Peter"]
[Result "1/2-1/2"]
[WhiteElo "1990"]
[BlackElo "2181"]
[Annotator "ChessBase"]
[PlyCount "46"]
[EventDate "2020.08.07"]
[EventType "swiss"]
[EventCountry "SVK"]
[TimeControl "40/5400+30:1800+30"]

1. e4 {[%emt 0:00:00]} e6 {[%emt 0:00:00]} 2. d4 {[%emt 0:00:00]} d5 {[%emt 0:00:00]} 3. Nc3 {[%emt 0:00:00]} Nf6 {[%emt 0:00:00]} 4. e5 {[%emt 0:00:10]} Nfd7 {[%emt 0:00:00]} 5. f4 {[%emt 0:00:06]} c5 {[%emt 0:00:05]} 6. Nf3 {[%emt 0:00:04]} Nc6 {[%emt 0:00:07]} 7. Be3 {[%emt 0:00:12]} Be7 {[%emt 0:00:07]} 8. Qd2 {[%emt 0:00:09]} O-O {[%emt 0:00:23]} 9. Be2 {[%emt 0:02:08]} b6 {[%emt 0:00:16]} 10. O-O {[%emt 0:01:52]} f6 {[%emt 0:00:13]} 11. exf6 {[%emt 0:03:08]} Nxf6 {[%emt 0:00:49]} 12. Kh1 {[%emt 0:01:35]} Qc7 {[%emt 0:01:08]} 13. Bd3 {[%emt 0:18:21]} a6 {[%emt 0:04:32]} 14. Rae1 {[%emt 0:03:03]} Ng4 {[%emt 0:15:21]} 15. g3 {[%emt 0:09:34]} Nxe3 {[%emt 0:06:32]} 16. Qxe3 {[%emt 0:00:19]} cxd4 {[%emt 0:06:50]} 17. Nxd4 {[%emt 0:04:50]} Nxd4 {[%emt 0:01:18]} 18. Qxd4 {[%emt 0:00:06]} Bf6 {[%emt 0:02:13]} 19. Qb4 {[%emt 0:01:08]} Qc5 {[%emt 0:10:25]} 20. Qb3 {[%emt 0:02:58]} Bxc3 {[%emt 0:00:59]} 21. Qxc3 {[%emt 0:00:41]} Qxc3 {[%emt 0:06:02]} 22. bxc3 {[%emt 0:00:05]} Bd7 {[%emt 0:02:41]} 23. c4 {[%emt 0:03:45]} Rfc8 {[%emt 0:06:10]} 1/2-1/2

[Event "Int SVK-ch Open 2020"]
[Site "Drienica"]
[Date "2020.08.14"]
[Round "8.10"]
[White "Nandrazi, Dominik"]
[Black "Socko, Weronika"]
[Result "1-0"]
[WhiteElo "1875"]
[BlackElo "1741"]
[Annotator "NA RC"]
[PlyCount "121"]
[EventDate "2020.08.07"]
[EventType "swiss"]
[EventCountry "SVK"]
[SourceTitle "playchess.com"]
[Source "ChessBase"]
[SourceQuality "1"]
[TimeControl "40/5400+30:1800+30"]

1. d4 {[%emt 0:00:00]} d5 {[%emt 0:00:00]} 2. Bf4 {[%emt 0:00:00]} Nf6 {[%emt 0:00:30]} 3. e3 {[%emt 0:00:08]} e6 {[%emt 0:02:15]} 4. Nf3 {[%emt 0:00:17]} c5 {[%emt 0:02:15]} 5. c3 {[%emt 0:00:01]} Nc6 {[%emt 0:03:17]} 6. Nbd2 {[%emt 0:00:14]} a6 {[%emt 0:01:57]} 7. Bd3 {[%emt 0:01:06] D02: 1 d4 d5 2 Nf3 sidelines, including 2...Nf6 3 g3 and 2...Nf6 3 Bf4.} c4 {[%emt 0:04:23]} 8. Bc2 {[%emt 0:00:35]} b5 {[%emt 0:02:08]} 9. Qe2 {[%emt 0:00:05] [#]} Bb7 $146 {[%emt 0:02:38]} ({Predecessor:} 9... Be7 10. h3 O-O 11. Ne5 Bb7 12. h4 h5 13. Bg5 Nxe5 14. dxe5 Nd7 15. Bxe7 Qxe7 16. Qxh5 {1-0 (52) Pacheco,J (1557)-Becerra Fonseca,C (1324) Villamaria 2016}) 10. e4 {[%emt 0:02:15]} dxe4 {[%emt 0:02:16]} 11. Nxe4 {[%emt 0:00:12]} Nd5 {[%emt 0:02:33]} 12. Bg5 {[%emt 0:01:23]} Be7 {[%emt 0:02:33]} 13. Bxe7 {[%emt 0:01:23]} Qxe7 {[%emt 0:02:33]} 14. Nc5 {[%emt 0:00:05]} h6 {[%emt 0:02:49]} 15. O-O {[%emt 0:00:36]} O-O {[%emt 0:00:19]} 16. Rfe1 {[%emt 0:01:46]} Rfe8 {[%emt 0:07:02]} 17. Qd2 {[%emt 0:03:30]} Bc8 {[%emt 0:10:40]} 18. Be4 {[%emt 0:05:52]} Rd8 {[%emt 0:04:11]} 19. a4 {[%emt 0:03:27]} Ra7 {[%emt 0:01:56]} 20. axb5 {[%emt 0:00:19]} axb5 {[%emt 0:00:03]} 21. Bxd5 {[%emt 0:03:29]} Rxd5 {[%emt 0:00:43]} 22. Qf4 {[%emt 0:03:09]} Rd8 {[%emt 0:16:09]} 23. Qe4 {[%emt 0:05:17]} Rd6 {[%emt 0:04:42]} (23... Rxa1 $11 24. Rxa1 Bb7) 24. Ne5 {[%emt 0:07:06]} Nb8 {[%emt 0:04:45]} (24... Rxa1 $11 {keeps the balance.} 25. Rxa1 Bb7) 25. Qf4 {[%emt 0:01:38]} Na6 {[%emt 0:02:14]} 26. Nxf7 {[%emt 0:03:54]} Rd5 {[%emt 0:02:55]} 27. Nxa6 {[%emt 0:00:17]} Rxa6 {[%emt 0:03:15]} 28. Rxa6 {[%emt 0:00:02]} Bxa6 {[%emt 0:00:18]} 29. Ne5 {[%emt 0:00:09]} Bb7 $1 $11 {[%emt 0:01:16]} 30. Ng6 {[%emt 0:00:38]} Qe8 {[%emt 0:01:16]} 31. Ne5 {[%emt 0:00:11]} Qh5 $2 {[%emt 0:01:05]} 32. f3 {[%emt 0:00:18]} Rd8 {[%emt 0:00:53]} 33. Ra1 {[%emt 0:00:11]} Rf8 {[%emt 0:00:25]} 34. Qg4 {[%emt 0:00:14]} Qe8 {[%emt 0:02:43]} 35. Ra7 {[%emt 0:00:11]} Qc8 {[%emt 0:00:19]} 36. Ng6 {[%emt 0:02:24]} Rf7 {[%emt 0:01:25]} 37. Nf4 $4 {[%emt 0:00:15]} (37. Ra5 $18) 37... Qb8 $2 {[%emt 0:00:34]} (37... Bxf3 $1 $19 38. gxf3 Rxa7 39. Nxe6 Qd7) 38. Rxb7 {[%emt 0:01:11]} Qxb7 {[%emt 0:00:22]} 39. Qxe6 {[%emt 0:00:10]} (39. Nxe6 $11 {keeps the balance.} Qd7 40. Qe4) 39... Kh7 {[%emt 0:02:09]} (39... Qe7 $17 40. Kf2 Qxe6 41. Nxe6 Ra7) 40. Nd5 {[%emt 0:01:33]} Qd7 {[%emt 0:02:46]} 41. Qe4+ {[%emt 0:31:55]} Kg8 {[%emt 0:31:49]} 42. h3 {[%emt 0:00:54]} Rf8 $2 {[%emt 0:01:01]} (42... Qd8 $11 {and Black has nothing to worry.}) 43. Ne7+ {[%emt 0:00:14]} Kf7 {[%emt 0:00:59]} 44. Ng6 {[%emt 0:00:06]} Re8 {[%emt 0:00:00]} 45. Ne5+ {[%emt 0:00:00]} Rxe5 {[%emt 0:00:00]} 46. Qxe5 {[%emt 0:00:00]} ({Less strong is} 46. dxe5 Qd3 $18) 46... Qb7 {[%emt 0:00:00]} 47. d5 {[%emt 0:00:00]} b4 {[%emt 0:00:00]} 48. d6 {[%emt 0:00:00]} bxc3 {[%emt 0:00:00]} 49. bxc3 {[%emt 0:00:00]} Qd7 {[%emt 0:00:00]} 50. f4 {[%emt 0:00:00]} Qa7+ {[%emt 0:00:00]} 51. Kh2 {[%emt 0:00:00]} Qd7 52. f5 {[%emt 0:00:00]} h5 {[%emt 0:00:00]} 53. Kg3 Qd8 {[%emt 0:00:00]} 54. Qe6+ {[%emt 0:00:00]} Kf8 {[%emt 0:00:00]} 55. h4 {[%emt 0:00:00]} Qb8 {[%emt 0:00:00]} 56. f6 {[%emt 0:00:00]} gxf6 {[%emt 0:00:00]} 57. Qxf6+ {[%emt 0:00:00]} Kg8 {[%emt 0:00:00]} 58. Qg5+ {[%emt 0:00:00]} Kf8 {[%emt 0:00:00]} 59. Qf4+ {[%emt 0:00:00] Double Attack} Kg7 {[%emt 0:00:00]} 60. d7 {[%emt 0:00:00]} Qa8 {[%emt 0:00:00]} 61. Qg5+ {[%emt 0:00:00]} 1-0

[Event "Int SVK-ch Open 2020"]
[Site "Drienica"]
[Date "2020.08.15"]
[Round "8.11"]
[White "Macko, Michal"]
[Black "Lehocz, Jozsef"]
[Result "1-0"]
[WhiteElo "2148"]
[BlackElo "1959"]
[Annotator "ChessBase"]
[PlyCount "111"]
[EventDate "2020.08.07"]
[EventType "swiss"]
[EventCountry "SVK"]
[TimeControl "40/5400+30:1800+30"]

1. e4 {[%emt 0:00:00]} d5 {[%emt 0:00:00]} 2. exd5 {[%emt 0:00:00]} Qxd5 {[%emt 0:00:00]} 3. Nc3 {[%emt 0:00:13]} Qd6 {[%emt 0:00:00]} 4. Bc4 {[%emt 0:01:19]} c6 {[%emt 0:00:42]} 5. Qe2 {[%emt 0:00:39]} Nf6 {[%emt 0:00:26]} 6. d3 {[%emt 0:00:43]} Bg4 {[%emt 0:05:49]} 7. f3 {[%emt 0:01:47]} Bf5 {[%emt 0:00:06]} 8. Bd2 {[%emt 0:00:30]} Nbd7 {[%emt 0:07:49]} 9. g4 {[%emt 0:00:53]} Bg6 {[%emt 0:00:21]} 10. f4 {[%emt 0:00:07]} h6 {[%emt 0:01:21]} 11. O-O-O {[%emt 0:02:00]} b5 {[%emt 0:19:53]} 12. Bb3 {[%emt 0:02:18]} a5 {[%emt 0:06:50]} 13. f5 {[%emt 0:04:24]} a4 {[%emt 0:03:38]} 14. fxg6 {[%emt 0:00:16]} axb3 {[%emt 0:00:16]} 15. gxf7+ {[%emt 0:00:06]} Kxf7 {[%emt 0:00:34]} 16. axb3 {[%emt 0:00:15]} Ra1+ {[%emt 0:06:21]} 17. Nb1 {[%emt 0:00:18]} e5 {[%emt 0:07:06]} 18. Nf3 {[%emt 0:03:47]} Nd5 {[%emt 0:07:36]} 19. Rdf1 {[%emt 0:00:51]} Kg8 {[%emt 0:03:58]} 20. g5 {[%emt 0:06:56]} g6 {[%emt 0:14:16]} 21. gxh6 {[%emt 0:12:12]} Nb4 {[%emt 0:02:36]} 22. Bg5 {[%emt 0:01:27]} Nc5 {[%emt 0:04:01]} 23. Nxe5 {[%emt 0:02:39]} Qxe5 {[%emt 0:04:41]} 24. Qxe5 {[%emt 0:01:04]} Ncxd3+ {[%emt 0:00:38]} 25. cxd3 {[%emt 0:00:06]} Nxd3+ {[%emt 0:00:04]} 26. Kc2 {[%emt 0:04:54]} Nxe5 {[%emt 0:00:04]} 27. Rxf8+ {[%emt 0:01:31]} Kxf8 {[%emt 0:00:19]} 28. Bf6 {[%emt 0:00:05]} Rxh6 {[%emt 0:00:57]} 29. Bxe5 {[%emt 0:00:07]} Ke7 {[%emt 0:00:33]} 30. Re1 {[%emt 0:00:17]} Kd7 {[%emt 0:00:15]} 31. Rd1+ {[%emt 0:00:30]} Ke7 {[%emt 0:00:38]} 32. Rd6 {[%emt 0:02:51]} Rh5 {[%emt 0:00:15]} 33. Bg3 {[%emt 0:01:41]} Rc5+ {[%emt 0:01:05]} 34. Nc3 {[%emt 0:00:07]} b4 {[%emt 0:00:32]} 35. Rd4 {[%emt 0:00:07]} Kf7 {[%emt 0:01:45]} 36. Rxb4 {[%emt 0:00:07]} Rf5 {[%emt 0:00:40]} 37. Rb7+ {[%emt 0:00:55]} Ke6 {[%emt 0:00:54]} 38. b4 {[%emt 0:00:15]} g5 {[%emt 0:00:36]} 39. Rc7 {[%emt 0:00:22]} Ra6 {[%emt 0:00:20]} 40. Ne4 {[%emt 0:02:12]} Ra8 {[%emt 0:00:01]} 41. Kd3 {[%emt 0:34:16]} Ra1 {[%emt 0:31:38]} 42. Rxc6+ {[%emt 0:01:17]} Kd7 {[%emt 0:00:29]} 43. Rc7+ {[%emt 0:00:28]} Kd8 {[%emt 0:00:13]} 44. Rc5 {[%emt 0:00:43]} Rf3+ {[%emt 0:00:32]} 45. Kc2 {[%emt 0:00:50]} g4 {[%emt 0:00:00]} 46. b5 {[%emt 0:00:00]} Ra7 {[%emt 0:00:00]} 47. b6 {[%emt 0:00:00]} Rd7 {[%emt 0:00:00]} 48. Bc7+ {[%emt 0:00:00]} Kc8 {[%emt 0:00:00]} 49. Nd6+ {[%emt 0:00:00]} Rxd6 {[%emt 0:00:00]} 50. Bxd6+ {[%emt 0:00:00]} Kb7 {[%emt 0:00:00]} 51. Bc7 {[%emt 0:00:00]} Rf2+ {[%emt 0:00:00]} 52. Kb3 {[%emt 0:00:00]} Rf3+ {[%emt 0:00:00]} 53. Kb4 {[%emt 0:00:00]} Rf2 {[%emt 0:00:00]} 54. b3 {[%emt 0:00:00]} Re2 {[%emt 0:00:00]} 55. Kb5 {[%emt 0:00:00]} g3 {[%emt 0:00:00]} 56. Bxg3 {[%emt 0:00:00]} 1-0

[Event "Int SVK-ch Open 2020"]
[Site "Drienica"]
[Date "2020.08.14"]
[Round "8.11"]
[White "Tomanek, Rafael"]
[Black "Striskova, Lucia"]
[Result "0-1"]
[WhiteElo "1835"]
[BlackElo "1706"]
[Annotator "NA"]
[PlyCount "76"]
[EventDate "2020.08.07"]
[EventType "swiss"]
[EventCountry "SVK"]
[SourceTitle "playchess.com"]
[Source "ChessBase"]
[SourceQuality "1"]
[TimeControl "40/5400+30:1800+30"]

1. d4 {[%emt 0:00:00]} Nf6 {[%emt 0:00:00]} 2. Nf3 {[%emt 0:00:00]} g6 3. c4 Bg7 {[%emt 0:00:05]} 4. Nc3 {[%emt 0:00:15]} d5 {[%emt 0:00:22]} 5. Bg5 {[%emt 0:00:28]} c6 {[%emt 0:02:01]} 6. e3 {[%emt 0:02:34]} O-O {[%emt 0:00:24]} 7. Bd3 {[%emt 0:01:20]} Na6 {[%emt 0:08:10] [#] D91: Grünfeld: 4 Nf3 Bg7 5 Bg5.} 8. Qe2 $146 {[%emt 0:08:10]} ({Predecessor:} 8. O-O Nb4 9. Be2 Bf5 10. a3 Na6 11. Qb3 dxc4 12. Qxb7 Qb6 13. Qxb6 axb6 14. Bxc4 b5 15. Be2 Rfd8 16. b4 Nc7 17. Ne5 Rd6 18. Bf3 Nfd5 19. Nxc6 {1-0 (19) Webb,L (2271)-Sidali,E (1724) Reykjavik 2017}) 8... Qa5 {[%emt 0:07:13]} 9. O-O {[%emt 0:05:22]} Bg4 {[%emt 0:00:36]} 10. c5 {[%emt 0:03:59]} e5 {[%emt 0:12:18]} 11. dxe5 {[%emt 0:06:11]} Nd7 {[%emt 0:00:15]} 12. h3 {[%emt 0:12:10]} (12. Bxa6 $15 bxa6 13. Rab1) 12... Bxf3 {[%emt 0:00:19]} 13. gxf3 {[%emt 0:00:12]} Nxe5 {[%emt 0:00:43]} 14. Bxa6 {[%emt 0:01:00]} bxa6 {[%emt 0:02:33]} 15. Be7 {[%emt 0:03:08]} Rfe8 {[%emt 0:01:12]} 16. Bd6 {[%emt 0:00:16]} Nd7 {[%emt 0:00:14]} 17. Rfc1 {[%emt 0:08:55]} Nxc5 {[%emt 0:08:41]} ({Black should try} 17... Rac8 $17) 18. Nxd5 {[%emt 0:02:21]} Nb3 {[%emt 0:04:32]} 19. Ne7+ {[%emt 0:02:21]} Rxe7 $1 {[%emt 0:01:11]} 20. Bxe7 {[%emt 0:00:43]} Nxa1 {[%emt 0:04:54]} 21. Rxa1 {[%emt 0:02:44]} Rb8 {[%emt 0:00:22]} 22. Rd1 {[%emt 0:05:06]} (22. Ba3 $11) 22... Qxa2 {[%emt 0:00:36]} 23. Rd8+ {[%emt 0:04:44]} (23. Qd3 $15) 23... Rxd8 {[%emt 0:00:08]} 24. Bxd8 {[%emt 0:00:07]} Qxb2 {[%emt 0:00:41]} 25. Qxa6 {[%emt 0:00:25] [#]} Qa1+ $1 {[%emt 0:00:04]} 26. Qxa1 {[%emt 0:00:24]} Bxa1 {[%emt 0:00:02]} 27. Ba5 {[%emt 0:00:32]} Kf8 {[%emt 0:00:31]} 28. Kf1 {[%emt 0:00:23]} Ke7 {[%emt 0:00:10]} 29. Ke2 {[%emt 0:00:39]} Kd6 {[%emt 0:00:12]} 30. Kd3 {[%emt 0:00:14]} Kc5 {[%emt 0:00:20]} 31. Kc2 {[%emt 0:00:09]} Kc4 {[%emt 0:00:35]} 32. f4 {[%emt 0:01:00]} Bf6 $19 {[%emt 0:01:36]} 33. Bd2 {[%emt 0:00:37]} Bd8 {[%emt 0:00:58]} 34. Bc3 {[%emt 0:00:28]} a5 {[%emt 0:00:06]} 35. Bd2 {[%emt 0:03:49]} a4 {[%emt 0:00:27]} 36. Bc3 {[%emt 0:00:03]} Be7 {[%emt 0:01:19]} 37. Be5 {[%emt 0:00:37]} a3 {[%emt 0:00:45]} 38. f3 {[%emt 0:02:09]} Bc5 {[%emt 0:00:27]} 0-1

[Event "Int SVK-ch Open 2020"]
[Site "Drienica"]
[Date "2020.08.15"]
[Round "8.12"]
[White "Kravec, Patrik"]
[Black "Svobodova, Michaela"]
[Result "1-0"]
[WhiteElo "2119"]
[BlackElo "1964"]
[Annotator "TA"]
[PlyCount "53"]
[EventDate "2020.08.07"]
[EventType "swiss"]
[EventCountry "SVK"]

{[%evp 13,53,23,67,43,60,63,58,59,119,55,65,53,94,79,91,70,210,194,295,301,415,185,257,202,412,406,386,400,688,493,501,508,462,342,617,621,614,620,1193,896,1774,1768]} 1. e4 c5 2. Nf3 e6 3. d4 cxd4 4. Nxd4 a6 5. c4 Nf6 6. Nc3 Qc7 7. Bd3 b6 8. O-O {B41: Sicilian: Kan Variation: 5 c4.} Bb7 9. Qe2 d6 10. f4 {White is slightly better.} Nbd7 (10... Be7 $14) 11. Bd2 ({White should play} 11. g4 $1 $16) 11... Be7 $14 12. Rae1 h5 13. Kh1 h4 14. b4 {[#]} Nh5 $146 {[#] This move loses the game for Black.} (14... Kf8 $14) ({Predecessor:} 14... g6 15. e5 h3 16. Kg1 hxg2 17. Rf2 dxe5 18. fxe5 Qxe5 19. Qxe5 Nxe5 20. Rxe5 Ng4 21. Nf3 Bxf3 22. Rxf3 Nxe5 {0-1 (22) Terzidaki,A (1938)-Grigoriadis,A (2300) Nikea 2011}) 15. Nd5 $1 $18 {[%cal Rd5c7]} Qd8 {[#]} (15... Qb8 $142 16. Nxe7 Kxe7) 16. e5 $1 {Nxe6! is the strong threat.} Nf8 17. Nf5 (17. f5 $142 {And now fxe6 would win.} exd5 18. f6 dxe5 19. fxe7 Qxe7 20. Nf5) 17... Bxd5 (17... dxe5 $142 18. Ndxe7 (18. Nfxe7 Bxd5 19. cxd5 Qxe7 $16) 18... g6) 18. exd6 ({Resist} 18. cxd5 $6 exf5 19. Bxf5 g6 $16) 18... Bxg2+ $2 (18... Bf6) 19. Qxg2 Bf6 20. c5 g6 (20... bxc5 $142 21. bxc5 Rc8) 21. Ne3 bxc5 22. bxc5 {[%cal Bb4c5,Bc5c6,Bc6c7][%mdl 32]} Rc8 {intending ...Ng3+.} 23. Bb4 a5 $2 (23... Bd4 24. Bxa6 Rb8) 24. Ba3 {White is clearly winning.} Nd7 25. c6 {Black must now prevent c7.} Nb6 26. Bb5 {White wants to mate with d7+.} Kf8 27. c7 {Accuracy: White = 72%, Black = 25%.} 1-0